000 01267nam a2200397 i 4500
001 37296
003 KOSZ 005
005 20240405063121.0
008 001010s2000 pl g f |000 0 pol d
020 _a8371873603
040 _cKOSZ 005
_aKOSZ 005
_dKOSZ 005/HR
046 _k1997
080 _a349.23/.24(438)
080 _a331.31
080 _a(083.1)
100 1 _aNałęcz, Andrzej
_c(prawo pracy)
_eAutor
245 1 0 _aCzas pracy :
_bwymiary, rozkłady, harmonogramy : poradnik pracodawcy /
_cAndrzej Nałęcz.
260 _aGdańsk :
_bOśrodek Doradztwa i Doskonalenia Kadr,
_c2000.
300 _a303 s. ;
_c24 cm.
336 _2rdacontent
_aTekst
_btxt
337 _2rdamedia
_aBez urządzenia pośredniczącego
_bn
338 _2rdacarrier
_aWolumin
_bnc
380 _aKsiążki
380 _aPublikacje fachowe
380 _aPoradniki i przewodniki
388 _a1901-2000
388 _a1989-2000
648 7 _a1901-2000
648 7 _a1989-2000
650 7 _aCzas pracy
650 7 _aPrawo pracy
651 7 _aPolska
658 _aGospodarka, ekonomia, finanse
856 _uhttp://koha.tu.koszalin.pl/cgi-bin/koha/opac-detail.pl?biblionumber=37296
_yKatalog online BPK
942 _cKS
_2UKD
999 _c37296
_d37296